000 00895cam a2200277 4500
999 _c20097
_d20097
001 2654255
003 BDDh-ASL
005 20231015025838.0
008 710414r19651909nyu b 001 0 eng
010 _a 70121277
020 _a0404041256
040 _aDLC
_cDLC
_dDLC
_dBDDh-ASL
050 0 0 _aBP165
_b.M23 1970
082 0 0 _a297.09
_bMAR
100 1 _aMacdonald, Duncan Black,
_d1863-1943.
245 1 4 _aThe religious attitude and life in Islam/
260 _aBeirut:
_bKhayats,
_c[1965]
300 _axvii, 317 p.
_c19 cm.
490 1 _aHaskell lectures on comparative religion, University of Chicago, 1906
500 _aReprint of the 1909 ed.
504 _aIncludes bibliographical references.
650 0 _aIslam.
830 0 _aHaskell lectures in comparative religion, University of Chicago,
_v1906
906 _a7
_bcbc
_corignew
_d2
_encip
_f19
_gy-gencatlg
942 _2ddc
_cBK